000 05385cam a22018734i 4500
001 u50308
003 PE-LiUPU
005 20250813165833.0
008 150706s2009 mx a rb 001 0 spa d
020 _a9786074420494
035 _a(Sirsi) i9786074420494
040 _aPE-LiUPU
_bspa
_cPE-LiUPU
_erda
049 _aPRUA
082 0 4 _a658.840285
_bL29
_221
100 1 _aLaudon, Kenneth C.,
_eautor.
245 1 0 _aE-commerce :
_bnegocios, tecnología, sociedad /
_cKenneth C. Laudon y Carol Guercio Traver.
264 1 _aMéxico :
_bPearson Educación de México,
_c2009.
300 _a809 páginas :
_bilustraciones, ;
_c25 cm.
336 _atext
_2rdacontent
337 _aunmediated
_2rdamedia
338 _avolume
_2rdacarrier
505 0 _aIntroducción al comercio electrónico -- La revolución acaba de empezar -- Modelos y conceptos de negocios del comercio electrónico -- Infraestructura tecnológica para el comercio electrónico -- Internet y World Wide Web: la infraestructura del comercio electrónico -- Creación de un sitio Web de comercio electrónico -- Seguridad en línea y sistemas de pago -- Conceptos de negocios y cuestiones sociales -- Conceptos de marketing del comercio electrónico -- Comunicación de marketing del comercio electrónico -- Cuestiones éticas, sociales y políticas del comercio electrónico -- El comercio electrónico en acción -- Ventas al detalle y servicios en línea -- Contenido y medios en línea -- Redes sociales, subastas y portales -- Comercio electrónico B2B, administración de la cadena de suministro y comercio colaborativo
526 _aP203
526 _aP200
526 _aSEG65
526 _aSEG64
526 _aSEG63
526 _aSEG62
526 _aSEG61
526 _aSEG60
526 _aSEG59
526 _aSEG58
526 _aSEG57
526 _aSEG56
526 _aSEG55
526 _aSEG54
526 _aSEG53
526 _aSEG52
526 _aSEG51
526 _aSEG50
526 _aSEG49
526 _aSEG48
526 _aSEG47
526 _aSEG46
526 _aSEG24
526 _aSEG23
526 _aSEG22
526 _aSEG21
526 _aSEG20
526 _aSEG19
526 _aSEG18
526 _aSEG17
526 _aSEG16
526 _aSEG14
526 _aSEG13
526 _aSEG12
526 _aSEG11
526 _aSEG10
526 _aSEG09
526 _aSEG06
526 _aSEG05
526 _aSEG04
526 _aSEG03
526 _aSEG02
526 _aSEG68
526 _aSEG66
526 _aSEG45
526 _aSEG25
526 _aSEG01
526 _aP163
526 _aP162
526 _aP161
526 _aP160
526 _aP159
526 _aP158
526 _aP157
526 _aP156
526 _aP155
526 _aP154
526 _aP153
526 _aP152
526 _aP151
526 _aP150
526 _aP149
526 _aP142
526 _aP141
526 _aP140
526 _aP139
526 _aP138
526 _aP137
526 _aP132
526 _aP131
526 _aP130
526 _aP126
526 _aP125
526 _aP124
526 _aP123
526 _aP115
526 _aP122
526 _aP121
526 _aP116
526 _a P114
526 _aP112
526 _aP111
526 _aP104
526 _aP103
526 _aP102
526 _aP101
526 _aP100
526 _aP96
526 _aP95
526 _aP93
526 _aP92
526 _aP91
526 _aP88
526 _aP83
526 _aP82
526 _aP79
526 _aP78
526 _aP75
526 _aP74
526 _aP71
526 _aP69
526 _a P51
526 _aP49
526 _aP48
526 _aP47
526 _aP33
526 _aP31
526 _a P30
526 _aP29
526 _aP27
526 _aP26
526 _aP25
526 _aP24
526 _a P22
526 _aP10
526 _aP09
526 _a P08
526 _aP06
526 _aP05
526 _aP04
526 _aP01
541 _g030-0010751;
596 _a1 2
650 0 4 _aComercio electrónico.
650 0 4 _aInternet en la mercadotecnia.
650 0 4 _aTecnología de la información.
700 1 _aGuercio Traver, Carol,
_eautor.
700 1 _aVidal Romero Elizondo, Alfonso,
_etraductor.
910 _agl
_bjv
_cng
_d20111013
942 _2ddc
_cBOOK
994 _aC0
_bPEPRU
949 _a348.55 L29 2009
_wDEWEY
_c1
_iFT02127
_d2018-4-22
_e2018-4-20
_lCCODEBUT1
_mBUT
_n1
_p35.00
_r0
_sY
_tBOOK
_u2015-12-17
_xINGENIERIA
_PP27
_0COMPRA
_o.STAFF. Colección General
949 _a658.840285 L29
_wDEWEY
_c1
_i63857
_d2017-7-9
_e2017-7-5
_f2018-2-12
_g3
_lCCODEBUL1
_mBUL
_n4
_p38.00
_r0
_sY
_tBOOK
_u2015-7-6
_xFCE
_PP27
_0COMPRA
_o.STAFF. Colección General
999 _a658.840285 L29
_wDEWEY
_c52731
_i63857
_d52731
_e2018-10-23
_f2021-11-8
_g6
_lCCODEBUL1
_mBUL
_n7
_p38.00
_q1
_r0
_sY
_tBOOK
_u2015-7-6
_xFCE
_PP27
_0COMPRA
_o.STAFF. Colección General
999 _a348.55 L29 2009
_wDEWEY
_c1
_iFT02127
_d2018-4-22
_e2018-4-20
_f2019-2-20
_g1
_lCCODEBUT1
_mBUT
_n1
_p35.00
_r0
_sY
_tBOOK
_u2015-12-17
_xINGENIERIA
_PP27
_0COMPRA
_o.STAFF. Colección General
980 _81
_gALBERTO SANCHEZ Responsable de Automatización